U.S. corporate investment in Taiwan

Zapisane w:
Opis bibliograficzny
1. autor: Schreiber, Jordan C.
Format: Książka
Język:Undetermined
Wydane: Cambridge University Press of Cambridge 1970
Hasła przedmiotowe:
Etykiety: Dodaj etykietę
Nie ma etykietki, Dołącz pierwszą etykiete!
Thư viện lưu trữ: Trung tâm Học liệu Trường Đại học Cần Thơ
LEADER 00533nam a2200181Ia 4500
001 CTU_82113
008 210402s9999 xx 000 0 und d
082 |a 332.67 
082 |b S378 
100 |a Schreiber, Jordan C. 
245 0 |a U.S. corporate investment in Taiwan 
245 0 |c Jordan C. Schreiber; Kenneth W. Sparks 
260 |a Cambridge 
260 |b University Press of Cambridge 
260 |c 1970 
650 |a Investments, American 
904 |i Trọng Hải 
980 |a Trung tâm Học liệu Trường Đại học Cần Thơ